01244 2200205 4500001002100000005001500021035002000036008004100056245003200097100002300129250000600152260003800158300001200196084001400208082000800222650001000230520077400240990001201014990001201026INLIS00000000000133520240520101309 a0010-0524000570240520 1 ind 1 aSpring /cAlmino Situmorang aSitumorang, Almino a1 aYogyakarta :bSheila/ Andi,c2010 a302 hlm a813 ALM s a813 4aFiksi aAku tak mengerti apa itu cinta. Jika kutahu rasanya adalah luka, perih, dan hampa seperti saat ini maka aku adalah pencinta yang paling malang di dunia. Sebab jika memang aku tak memilih pria itu, mengapa aku merasa hancur ketika aku mengucapkan selamat tinggal kepadanya? Mengapa rasanya ada yang berkeping-keping di dalam diriku ketika dia pergi? Mengapa aku harus merasa hampa dan luka ketika dia tak akan bisa kumiliki?<><>Vomi sekarat. Dia nyaris tak tertolong. Apakah kehadiran seseorang yang lain bisa menolongnya, seperti Keenan atau Tonny? Ataukah ada jalan keluar yang lain yang tak terduga?Mencintai tak harus memiliki. Itu cerita biasa. Tapi, mencintai seseorang dan bisa memilikinya? Tak semua orang seberuntung itu! Dan, siapakah orang yang beruntung itu? a0741512 a0741513